| 000 | 01307cab a22002055a 4500 | ||
|---|---|---|---|
| 001 | L143234 | ||
| 008 | 080418e20080208xxk f v 000 0 eng d | ||
| 035 | _a(Sirsi) u143234 | ||
| 041 | 0 | _aeng | |
| 100 | 1 | _aRoss, Jonathan | |
| 245 | 0 | 4 |
_aThe hardest words _bcase news |
| 260 | _c2008 | ||
| 490 | 0 |
_aProperty Week _v73(6) 8 February 2008, 74(1) |
|
| 520 | _aThe case of Risegold v Escala [2008] EWHC 21(Ch) shows that the meaning of commonly used words can often be unclear on closer scrutiny. A landlord (Risegold) sought to establish that a right to enter adjoining land to develop its property allows it to change the property into something different to what was there before. The neighbour, Escala, refused access claiming the developer's access rights were limited to renewal and rebuilding, not redevelopment. The court had to decide the meaning of wordings in the transfer document obtained by the developer when it purchased the property. The judge noted there was no restriction on any development; the issue was whether it can use the neighbour's land to do so. The court found for Escala and the development cannot go ahead. (See L143237). | ||
| 590 | _aKA | ||
| 650 | 2 | 4 | _aRISEGOLD LTD V ESCALA LTD |
| 651 | 4 |
_aEngland and Wales _y1543- |
|
| 690 |
_aBoundary disputes _96221 |
||
| 942 | _n0 | ||
| 999 |
_c80101 _d80101 |
||